• 首页
  • 本馆介绍
  • 公告通知
  • 最新文献
  • 馆藏检索
  • 电子资源
  • 读者导购
  • 参考咨询
  • 我的图书馆
  • 登录
  • 详细信息显示
  • 放入我的书架
  • 预约/预借图书
  • 作者相关作品
  • 分类相关作品
  • 丛书相关作品
  • 出版社相关作品

书目信息

  • 表格格式
  • 工作单格式
  • 卡片格式
题名:
良渚文化的玉器
    
 
作者: 魏永康 编著
分册:  
出版信息: 长春   吉林文史出版社  2018重印
页数: 120页
开本: 23cm
丛书名: 中国文化知识读本
单 册:
中图分类: K876.84
科图分类:
主题词: 良渚文化--Liang Zhu Wen Hua--古玉器--研究--中国
电子资源:
ISBN: 978-7-5463-1262-0
000 00859nam 2200265 45
001 012001010217
005 20140101101904.0
010    @a978-7-5463-1262-0@dCNY34.80
099    @aCAL 012010197070
100    @a20100726d2010 em y0chiy50 ea
101 0  @achi
102    @aCN@b220000
105    @aaf z 000yy
106    @ar
200 1  @a良渚文化的玉器@ALiang Zhu Wen Hua De Yu Qi@f编著魏永康
210    @a长春@c吉林文史出版社@d2018重印
215    @a120页@c图@d23cm
225 2  @a中国文化知识读本@AZhong Guo Wen Hua Zhi Shi Du Ben
330    @a本书内容包括:古国古城、玉器世界、玉器文明、良渚文明、历史谜思。
410  0 @12001@a中国文化知识读本
606 0  @a良渚文化@ALiang Zhu Wen Hua@x古玉器@x研究@y中国
690    @aK876.84@v4
701  0 @a魏永康@AWei Yong Kang@4编著
801  2 @aCN@b上海新华@c20191020
905    @b1136050-3@dK876.84@e427@f4
    
    良渚文化的玉器/编著魏永康.-长春:吉林文史出版社,2018重印
    120页:图;23cm.-(中国文化知识读本)
    
    
    ISBN 978-7-5463-1262-0:CNY34.80
    本书内容包括:古国古城、玉器世界、玉器文明、良渚文明、历史谜思。
●
相关链接 在E读中查询图书 在五车中查询图书 在当当中查询图书 在豆瓣中查询图书


正题名:良渚文化的玉器     索取号:K876.84/427         预约/预借

序号 登录号 条形码 馆藏地/架位号 状态 备注
1 1136050   211360506   第二样本阅览室/ [索取号:K876.84/427] 在馆    
2 1136051   211360515   第二借阅区/ [索取号:K876.84/427] 在馆    
3 1136052   211360524   第二借阅区/ [索取号:K876.84/427] 在馆    
4 1136053   211360533   第二借阅区/ [索取号:K876.84/427] 在馆    
唐山师范学院图书馆 欢迎您!
大连网信软件有限公司© 版权所有